000 00472nam a2200205Ia 4500
001 13579
003 GE_BSU
008 181216s||||||||xx |||||||||||||| ||und||
020 _a0718121465
040 _cGE_BSU
080 _a94(410)
100 _aHoneycombe,Gordon
245 4 _aThe year of the Princess.
245 _cPhotographs by Tim Graham
260 _aLondon
260 _c1982
300 _a159p.ill.28cm.
653 _aThe year of the virgins.
942 _cBK
999 _c46735
_d46735